Central Library OPAC University of Rajshahi

Handbook of semiconductor electronics : (Record no. 12583)

MARC details
000 -LEADER
fixed length control field 00944nam a2200277 a 4500
001 - CONTROL NUMBER
control field 12583
003 - CONTROL NUMBER IDENTIFIER
rucl marc code BD-RjUL
005 - DATE AND TIME OF LATEST TRANSACTION
control field 20211208235323.0
008 - FIXED-LENGTH DATA ELEMENTS--GENERAL INFORMATION
fixed length control field 140129s1956 nyua 001 0 eng d
035 ## - SYSTEM CONTROL NUMBER
System control number (BD-RjUL)12632
040 ## - CATALOGING SOURCE
Original cataloging agency DLC
Transcribing agency DLC
Modifying agency DLC
-- BD-RjUL
Language of cataloging eng
041 ## - LANGUAGE CODE
Language code of text/sound track or separate title eng
082 00 - DEWEY DECIMAL CLASSIFICATION NUMBER
Classification number 621.38152
Author mark and year HAN 1956
Edition number 23
245 00 - TITLE STATEMENT
Title Handbook of semiconductor electronics :
Remainder of title a practical manual covering the physics, technology, and circuit applications of transistors, diodes, and photocells /
Statement of responsibility, etc. edited by Lloyd P. Hunter
250 ## - EDITION STATEMENT
Edition statement 1st ed.
260 ## - PUBLICATION, DISTRIBUTION, ETC. (IMPRINT)
Place of publication, distribution, etc. New York :
Name of publisher, distributor, etc. McGraw-Hill,
Date of publication, distribution, etc. c1956.
300 ## - PHYSICAL DESCRIPTION
Pagination Various pages. :
Illustrations ill. ;
Size 24 cm.
490 0# - SERIES STATEMENT
Series statement McGraw-Hill handbooks
504 ## - BIBLIOGRAPHY, ETC. NOTE
Bibliography, etc Includes bibliography and index.
650 #0 - SUBJECT ADDED ENTRY--TOPICAL TERM
Topical term or geographic name as entry element Semiconductors.
9 (RLIN) 39206
700 ## - ADDED ENTRY--PERSONAL NAME
Personal name Hunter, Lloyd P.
830 ## - SERIES ADDED ENTRY--UNIFORM TITLE
Uniform title McGraw-Hill handbooks
942 ## - ADDED ENTRY ELEMENTS (KOHA)
Source of classification or shelving scheme Dewey Decimal Classification
Koha item type Books
Holdings
Lost status Source of classification or shelving scheme Damaged status Not for loan Collection code Permanent Location Current Location Shelving location Date acquired Source of acquisition Cost, normal purchase price Total Checkouts Full call number Date last seen Copy number Koha item type
  Dewey Decimal Classification     Non-fiction Central Library, University of Rajshahi Central Library, University of Rajshahi   30/11/1962 Zeitlinger 108.60   621.38152 HAN 1956 29/01/2014 C-3 Books
  Dewey Decimal Classification     Non-fiction Central Library, University of Rajshahi Central Library, University of Rajshahi   08/12/2021 Magraw Hill Bokk 10.80   621.38152 HAN 1956 22/03/2017 C-2 Books
  Dewey Decimal Classification   Not For Loan Non-fiction Central Library, University of Rajshahi Central Library, University of Rajshahi Reading Room 30/11/1962 Zeitlinger 108.00   621.38152 HAN 1956 28/05/2017 C-1 Books